| 000 | 00683nam a2200229 a 4500 | ||
|---|---|---|---|
| 001 | 3508508 | ||
| 005 | 20180312104540.0 | ||
| 008 | 950726s1996 iaua b 001 0 eng | ||
| 010 | _a 95060466 | ||
| 020 | _a0697219321 | ||
| 040 |
_aDLC _cDLC |
||
| 041 | _aeng | ||
| 080 | _a6120078 JAM | ||
| 082 | 0 | 0 |
_a612/.0078 _220 |
| 100 | _a6 | ||
| 101 | _aANA | ||
| 245 | 0 | 0 |
_aAnatomy physiology laboratory textbook / _cHarold J. Benson ... [et al.]. |
| 504 | _aIncludes bibliographical references (p. 541-542) and index. | ||
| 906 |
_a7 _bcbc _corignew _d2 _eopcn _f19 _gy-gencatlg |
||
| 942 |
_2ddc _cBK |
||
| 999 |
_c44801 _d44801 |
||